• 首页
  • 本馆介绍
  • 公告通知
  • 最新文献
  • 馆藏检索
  • 电子资源
  • 读者导购
  • 参考咨询
  • 我的图书馆
  • 登录
  • 详细信息显示
  • 放入我的书架
  • 预约/预借图书
  • 作者相关作品
  • 分类相关作品
  • 丛书相关作品
  • 出版社相关作品

书目信息

  • 表格格式
  • 工作单格式
  • 卡片格式
题名:
μC/OS-Ⅱ嵌入式系统设计
    
 
作者: 丁山 著
分册:  
出版信息: 北京   机械工业出版社  2016
页数: 332页
开本: 24cm
丛书名: 电子与嵌入式系统设计丛书
单 册:
中图分类: TP316.2 , TP316
科图分类:
主题词: 实时操作系统--shi shi cao zuo xi tong
电子资源:
ISBN: 978-7-111-53867-7
000 01108nam 2200277 450
001 1673402047
005 20160902144859.2
010    @a978-7-111-53867-7@dCNY69.00
100    @a20160902d2016 em y0chiy50 ea
101 0  @achi
102    @aCN@b110000
105    @aa z 000yy
106    @ar
200 1  @aμC/OS-Ⅱ嵌入式系统设计@AμC/OS-Ⅱkan ru shi xi tong she ji@f丁山著
210    @a北京@c机械工业出版社@d2016
215    @a332页@c图@d24cm
225 2  @a电子与嵌入式系统设计丛书@Adian zi yu kan ru shi xi tong she ji cong shu
330    @a本书主要介绍基于Cortex-M微控制器的μC/OS-Ⅱ嵌入式系统设计,内容包括:实时操作系统内核基础、任务管理、任务调度、系统启动与初始化、中断和时间管理、事件管理、消息管理、内存管理、移植方式及其在Cortex-M微控制器上的移植方法。最后对轻量级TCP/IP-μC/TCP-IP协议栈设计进行概要介绍。
333    @a嵌入式系统设计专业人员。
410  0 @12001 @a电子与嵌入式系统设计丛书
606 0  @a实时操作系统@Ashi shi cao zuo xi tong
690    @aTP316.2@v5
690    @aTP316@v4
701  0 @a丁山@Ading shan@4著
801  0 @aCN@b江苏新华@c20150511
905    @aBZT@dTP316@e131
    
    μC/OS-Ⅱ嵌入式系统设计/丁山著.-北京:机械工业出版社,2016
    332页:图;24cm.-(电子与嵌入式系统设计丛书)
    使用对象:嵌入式系统设计专业人员。
    
    ISBN 978-7-111-53867-7:CNY69.00
    本书主要介绍基于Cortex-M微控制器的μC/OS-Ⅱ嵌入式系统设计,内容包括:实时操作系统内核基础、任务管理、任务调度、系统启动与初始化、中断和时间管理、事件管理、消息管理、内存管理、移植方式及其在Cortex-M微控制器上的移植方法。最后对轻量级TCP/IP-μC/TCP-IP协议栈设计进行概要介绍。
●
相关链接 在五车中查询图书 在当当中查询图书 在豆瓣中查询图书


正题名:μC/OS-Ⅱ嵌入式系统设计     索取号:TP316/131         预约/预借

序号 登录号 条形码 馆藏地/架位号 状态 备注
1 798319   2000798319   第二书库/ [索取号:TP316/131] 在馆    
2 798320   2000798320   第二书库/ [索取号:TP316/131] 在馆    
3 798321   2000798321   第二书库/ [索取号:TP316/131] 在馆    
山东省滨州职业学院图书馆 欢迎您!
大连网信软件有限公司© 版权所有